La Réponse est... quoi en fait ? - Statistiques

Statistiques générales
  • Ce quiz a été pris 86 608 fois
  • Le résultat moyen est 29 sur 50
Statistiques - réponses
Indice Réponse % Correct
Piment fort, __ con carne Chili
91%
Maboul, dingue Fou
88%
Unique abeille féconde d'une colonie Reine
88%
de France, en cyclisme Tour
87%
Barre de chocolat au caramel Mars
86%
Lieu promis aux âmes justes Paradis
84%
Surveillant de la cour de récré Pion
84%
Partie colorée de l'œil Iris
83%
Arme explosive que l'on jette Grenade
82%
Peut être isocèle ou équilatéral Triangle
82%
Fruit dans lequel on s'évanouit Pomme
81%
Élément toxique des thermomètres Mercure
80%
Groupe de La Réponse est une {Planète}
77%
Sœur de Serena Williams Vénus
77%
Vidéaste et influenceuse en Situations Léna
76%
Pour respirer sous l'eau Tuba
75%
Verre à champagne Flûte
73%
Groupe de La Réponse est une {Pièce aux échecs}
72%
Groupe de La Réponse est un {Instrument}
71%
Plus grand félin Tigre
71%
Groupe de La Réponse est un {Fruit}
70%
N'est pas haute Basse
69%
Poséidon chez les Romains Neptune
69%
Fruit d'apéritif à noyau Olive
67%
Groupe de La Réponse est une {Couleur}
66%
Groupe de La Réponse est un {Pays}
66%
Ecchymose Bleu
66%
Oiseau en argot Piaf
66%
Mammifère fouisseur aveugle Taupe
62%
Groupe de La Réponse est une {Fleur}
59%
Est arrivée à maturité Mûre
59%
Chef-lieu de la Gironde Bordeaux
57%
Peut être de soi ou Juan Don
51%
Animal marin, maison de Némo Anémone
49%
Surnom des Néo-zélandais Kiwi
47%
Prénom de Duras et Yourcenar Marguerite
43%
Groupe de La Réponse est une {Chanteuse}
40%
Femme guerrière mythique Amazone
32%
Groupe de La Réponse est une {Danse}
32%
Ville balnéaire dans le 13 Cassis
31%
Sauce pimentée pour nachos Salsa
31%
Groupe de La Réponse est un {Fleuve}
30%
Peintre espagnol (Francisco de) Goya
28%
Lettre F dans l'alphabet radio de l'OTAN Foxtrot
24%
Île de Jakarta Java
23%
Chapeau équatorien Panama
22%
Quand le trouble n'est pas malin Bénin
20%
Préoccupation inquiète Souci
20%
Elle vaut 2 blanches et 4 temps Ronde
19%
Brocante, achat en seconde main Chine
14%
Aucun quiz correspondant
Distribution des résultats
% des personnes avec chaque résultat
Percentile par nombre de réponses
Votre historique - résultats
Vous n’avez pas pris ce quiz